Agroecology : (Record no. 5718)
[ view plain ]
| 000 -LEADER | |
|---|---|
| fixed length control field | 00728cam a2200229 a 4500 |
| 001 - CONTROL NUMBER | |
| control field | BD-DhSAU 5718 |
| 003 - CONTROL NUMBER IDENTIFIER | |
| control field | BD-DhSAU |
| 005 - DATE AND TIME OF LATEST TRANSACTION | |
| control field | 20150419112916.0 |
| 008 - FIXED-LENGTH DATA ELEMENTS--GENERAL INFORMATION | |
| fixed length control field | 860616s1987 coua rb 001 0 eng |
| 020 ## - INTERNATIONAL STANDARD BOOK NUMBER | |
| International Standard Book Number | 1853390003 |
| 040 ## - CATALOGING SOURCE | |
| Original cataloging agency | BD-DhSAU |
| 082 ## - DEWEY DECIMAL CLASSIFICATION NUMBER | |
| Classification number | 630.2745 |
| Edition number | 22 |
| Item number | ALA |
| 100 1# - MAIN ENTRY--PERSONAL NAME | |
| Personal name | Altieri, Miguel A. |
| 245 10 - TITLE STATEMENT | |
| Title | Agroecology : |
| Remainder of title | the scientific basis of alternative agriculture / |
| Statement of responsibility, etc. | Miguel A. Altieri |
| 260 ## - PUBLICATION, DISTRIBUTION, ETC. (IMPRINT) | |
| Place of publication, distribution, etc. | Boulder, Colo. : |
| Name of publisher, distributor, etc. | Westview Press, |
| Date of publication, distribution, etc. | 1987. |
| 300 ## - PHYSICAL DESCRIPTION | |
| Extent | xviii, 227 p. : |
| Other physical details | ill. ; |
| Dimensions | 23 cm. |
| 440 #0 - SERIES STATEMENT/ADDED ENTRY--TITLE | |
| Title | Westview special studies in agriculture science and policy |
| 504 ## - BIBLIOGRAPHY, ETC. NOTE | |
| Bibliography, etc | Includes bibliographical references and index. |
| 590 ## - Name of Cataloguer | |
| Name of Cataloger | joy |
| 650 #0 - SUBJECT ADDED ENTRY--TOPICAL TERM | |
| Topical term or geographic name as entry element | Agricultural ecology. |
| 650 #0 - SUBJECT ADDED ENTRY--TOPICAL TERM | |
| Topical term or geographic name as entry element | Botany. |
| 942 ## - ADDED ENTRY ELEMENTS (KOHA) | |
| Source of classification or shelving scheme | Dewey Decimal Classification |
| Koha item type | Book |
| Withdrawn status | Lost status | Source of classification or shelving scheme | Damaged status | Not for loan | Collection code | Home library | Branch Name | Shelving location | Date acquired | Total Checkouts | Full call number | Barcode | Date last seen | Price effective from | Koha item type |
|---|---|---|---|---|---|---|---|---|---|---|---|---|---|---|---|
| Dewey Decimal Classification | Not For Loan | Reference | SAU Library | SAU Library | Reference | 13/06/1993 | 630.2745 ALA | 23169 | 19/04/2015 | 19/04/2015 | Book | ||||
| Dewey Decimal Classification | Not For Loan | SAU Library | SAU Library | Reference | 30/06/1992 | 630.2745 ALA | 22763 | 09/05/2015 | 09/05/2015 | Book |
